000 00283 a2200145 4500
001 160845
020 _a
040 _cMagnum
100 _aSchmid
240 1 0 _aO pastorzinho
_lpor
245 1 0 _aO pastorzinho
362 0 _a1899
697 _aIJ/AVENTURA, CRIANCAS
942 _cBK
999 _c160845
_d160845